| 000 | 00661nam a2200205Ia 4500 | ||
|---|---|---|---|
| 003 | GCL | ||
| 008 | 140319s9999 xx 000 0 ara d | ||
| 040 |
_aGCL / _cGCL |
||
| 082 | 0 | 4 |
_a660.2 _bم ك |
| 100 | 1 | _aمحمد حسين عبدالمجيد | |
| 245 | 1 | 0 |
_aالكيمياء الهندسية / _cمحمد حسين عبدالمجيد |
| 700 | 1 | _aاحمد امين زعطوط | |
| 260 |
_a[S.N] : _bدار الراتب الجامعية ، _c1985 |
||
| 300 | _a207 ص | ||
| 490 | _a | ||
| 650 | 0 | 4 | _aالهندسة الكيميائية |
| 650 | 0 | 4 | _aالكيمياء الصناعية |
| 650 | 0 | 4 | _aالاسمدة الكيميائية |
| 942 |
_2ddc _cBK |
||
| 999 |
_c52353 _d52353 |
||